| 000 | 01188cam a2200385 i 4500 | ||
|---|---|---|---|
| 999 |
_c1608 _d1608 |
||
| 001 | 020330179 | ||
| 003 | UkOxU | ||
| 005 | 20230116095247.0 | ||
| 008 | 141106t20152007enka j 001 0 eng c | ||
| 015 |
_aGBB5B8652 _2bnb |
||
| 020 | _a9781783703388 (pbk.) : | ||
| 035 | _a(UkCU)5950488 | ||
| 035 | _a(Uk)017045081 | ||
| 040 |
_aUK-WkNB _beng _erda _cUK-WkNB _dUkCU _dKH8 |
||
| 042 | _aukscp | ||
| 082 | 0 | 4 |
_a940.1 DIX _223 |
| 100 | 1 |
_aDixon, Philip _c(Author of Knights & castles), _eauthor. |
|
| 245 | 1 | 0 |
_aKnights & castles / _cPhilip Dixon. |
| 246 | 3 | _aKnights and castles | |
| 264 | 1 |
_aDorking : _bTemplar Publishing, _c2015. |
|
| 264 | 4 | _c©2007 | |
| 300 |
_a64 pages : _bchiefly illustrations (colour) ; _c27 cm. |
||
| 336 |
_atext _2rdacontent |
||
| 336 |
_astill image _2rdacontent |
||
| 337 |
_aunmediated _2rdamedia |
||
| 338 |
_avolume _2rdacarrier |
||
| 490 | 1 | _aInsiders | |
| 500 | _aOriginally published: 2007. | ||
| 500 | _aIncludes index. | ||
| 650 | 0 |
_aKnights and knighthood _vJuvenile literature. |
|
| 650 | 0 |
_aCastles _vJuvenile literature. |
|
| 650 | 0 |
_aMiddle Ages _vJuvenile literature. |
|
| 830 | 0 | _aInsiders (Dorking, England) | |
| 942 |
_2ddc _cNFIC |
||